UBT Library

DRUG INFORMATION HANBOOK DENTISTRY (Record no. 6009)

000 -LEADER
fixed length control field 00309nam a22001337a 4500
008 - FIXED-LENGTH DATA ELEMENTS--GENERAL INFORMATION
fixed length control field 170222b xxu||||| |||| 00| 0 eng d
020 ## - INTERNATIONAL STANDARD BOOK NUMBER
International Standard Book Number 9781591951032
041 ## - LANGUAGE CODE
Language code of text/sound track or separate title eng
080 ## - UNIVERSAL DECIMAL CLASSIFICATION NUMBER
Edition identifier 10ES
Universal Decimal Classification number 616.31
100 ## - Rafti
Rafti 5
101 ## - Shkurtesa
Shkurtesa SHS
245 ## - TITLE STATEMENT
Title DRUG INFORMATION HANBOOK DENTISTRY
Statement of responsibility, etc WYNN.R.L
942 ## - ADDED ENTRY ELEMENTS (KOHA)
Source of classification or shelving scheme
Item type Books
Holdings
Withdrawn status Lost status Source of classification or shelving scheme Damaged status Not for loan Collection code Permanent location Current location Shelving location Date acquired Total Checkouts Full call number Barcode Date last seen Price effective from Koha item type
          Koleksioni i përgjithshem UBT - Lipjan UBT - Lipjan Koleksioni i përgjithshem 02/22/2017   616.31 002-039664V 02/22/2017 02/22/2017 Books
UBT Library © 2015-2024. All rights reserved University Education for Business and Technology